Govt. of
Madhya Pradesh

Handicrafts India Year Books (Record no. 5146)

MARC details
000 -LEADER
fixed length control field 004790000a22001690004500
003 - CONTROL NUMBER IDENTIFIER
control field MACL
005 - DATE AND TIME OF LATEST TRANSACTION
control field 20150825162822.0
008 - FIXED-LENGTH DATA ELEMENTS--GENERAL INFORMATION
fixed length control field 150825b xxu||||| |||| 00| 0 eng d
040 ## - CATALOGING SOURCE
Original cataloging agency MACL
Transcribing agency MACL
041 ## - LANGUAGE CODE
Language code of text/sound track or separate title English
082 ## - DEWEY DECIMAL CLASSIFICATION NUMBER
Classification number 740
100 ## - MAIN ENTRY--PERSONAL NAME
Personal name Deepk Carpets
9 (RLIN) 7453
245 ## - TITLE STATEMENT
Title Handicrafts India Year Books
Remainder of title Including Handlooms Fashion & Silk
260 ## - PUBLICATION, DISTRIBUTION, ETC. (IMPRINT)
Name of publisher, distributor, etc. A P Handicrafts Development Corporation
Date of publication, distribution, etc. 1988
650 ## - SUBJECT ADDED ENTRY--TOPICAL TERM
Topical term or geographic name as entry element Drawing & Decorative Arts
9 (RLIN) 7454
942 ## - ADDED ENTRY ELEMENTS (KOHA)
Koha item type Books
Call number prefix 740
Source of classification or shelving scheme
Holdings
Withdrawn status Lost status Source of classification or shelving scheme Damaged status Not for loan Home library Current library Date acquired Total Checkouts Full call number Barcode Date last seen Uniform Resource Identifier Price effective from Koha item type
          MACL MACL 15/04/2015   740 CRE004599 02/05/2024 5101 15/04/2015 Books